Bytový dom

Na minha lista:
Detalhes bibliográficos
Autor principal: Zagyi, Martin (Author)
Outros Autores: Ingeli, Rastislav (Thesis advisor)
Formato: Manuscrito Livro
Idioma:eslovaco
inglês
Publicado em: 2017
Assuntos:
Acesso em linha:http://is.stuba.sk/zp/portal_zp.pl?podrobnosti=108987
https://opac.crzp.sk/?fn=detailBiblioForm&sid=3D579E6F99510E20DABD43D0A384
Tags: Adicionar Tag
Sem tags, seja o primeiro a adicionar uma tag!

MARC

LEADER 00000ntm a22000003a 4500
001 stuzp63273
003 SK-STU
005 20230613093445.4
007 ta
008 150427s2015----xo-----f-mn---000-0-slo-d
040 |a STU  |b slo 
041 0 |a eng 
100 1 |a Zagyi, Martin  |u 010180  |4 aut  |U SvF Stavebná fakulta  |T SvF Katedra konštrukcií pozemných stavieb  |X 63451  |U V180  |Y 18  |7 63451 
242 0 1 |a Bytový dom  |y slo 
245 1 0 |a Bytový dom 
260 |c 2017 
650 4 |a polyfunkcia  |2 slo 
650 4 |a veľkometrážne byty  |2 slo 
650 4 |a bytový dom  |2 slo 
650 4 |a Trenčín  |2 slo 
650 4 |a Trenčín  |2 eng 
650 4 |a luxury apartment  |2 eng 
650 4 |a apartment block  |2 eng 
650 4 |a polyfunctional  |2 eng 
700 1 |a Ingeli, Rastislav  |u 010180  |k Z1  |4 ths  |U SvF Stavebná fakulta  |T SvF Katedra konštrukcií pozemných stavieb  |X 23863  |U V180  |Y 18  |7 A000023863 
856 4 |u http://is.stuba.sk/zp/portal_zp.pl?podrobnosti=108987 
856 4 |u https://opac.crzp.sk/?fn=detailBiblioForm&sid=3D579E6F99510E20DABD43D0A384